000 00462nam a22001457a 4500
005 20250617101631.0
008 250617b |||||||| |||| 00| 0 eng d
020 _a0809104555
050 _aBR65
_bPSE
245 _aPSEUDO-MACARIUS;
_bTHE FIFTY SPIRITUAL HOMILIES AND THE GREAT LETTER
_cEDITED BY GEORGE A. MALONEY, KALLISTOS WARE
260 _aMAHWAH
_bPAULIST PRESS
_cc1992
300 _axviii, 298p
700 _aEDITED BY GEORGE A. MALONEY
942 _2lcc
_cBK
_n0
999 _c6532
_d6532